Statistiques concernant Titres de chansons en commun

Cliquez ici pour prendre le quiz!

Statistiques générales

  • Ce quiz a été pris 315 fois
  • Le résultat moyen est 3 sur 11

Statistiques - réponses

IndiceRéponse% Correct
Kyo (2003) / Indila (2014)Dernière Danse
90%
The Cranberries (1993) / Natalia Kills (2011) / Maître Gims (2013)Zombie
73%
Van Halen (1984) / Kris Kross (1992)Jump
29%
Grégoire (2008) / Claudio Capéo (2018)Ta main
28%
U2 (1984) / Michael Jackson (1987) / David Guetta & Showtek (2014)Bad
26%
Coldplay (2011) / Ofenbach (2018) / Lefa (2018)Paradise
25%
Destiny's Child (1999) / David Guetta, Bebe Rexha & J Balvin (2018)Say my name
22%
Jean-Jacques Goldman (2001) / Coeur de pirate (2010)Ensemble
10%
The Beatles (1969) / The Chainsmokers (2016)Don't let me down
9%
Jennifer Rush (1984) / Frankie Goes to Hollywood (1984) / Huey Lewis and the News (1985)The power of love
9%
Skillet (2009) / Lady Gaga (2009) / Kanye West (2010) / Imagine Dragons (2013)Monster
7%

Distribution des résultats

Percentile par nombre de réponses

% des personnes avec chaque résultat

Votre développement - résultats

Vous n’avez pas pris ce quiz